Catàleg del Col·legi de Periodistes de Catalunya

Fons Joaquim Perramon i Palmada (Registre núm. 7303)

000 -CABECERA
Longitud fija campo de control 01172ctm a22002417a 4500
003 - IDENTIFICADOR DEL NÚMERO DE CONTROL
Identificador del número de control OSt
005 - FECHA Y HORA DE LA ÚLTIMA TRANSACCIÓN
Fecha y hora de la última transacción 20241104130548.0
008 - CÓDIGOS DE INFORMACIÓN DE LONGITUD FIJA
Códigos de información de longitud fija 160225q19242007spc|||| |||| 0|0 0dcat|d
040 ## - FUENTE DE LA CATALOGACIÓN
Lengua de catalogación cat
Centro transcriptor CDMR
100 #4 - PUNTO DE ACCESO PRINCIPAL-NOMBRE DE PERSONA
Nombre de persona Perramon i Palmada, Joaquim
Término indicativo de función creador
9 (RLIN) 4643
245 10 - MENCIÓN DE TÍTULO
Título Fons Joaquim Perramon i Palmada
260 ## - PUBLICACIÓN, DISTRIBUCIÓN, ETC. (PIE DE IMPRENTA)
Fecha de publicación, distribución, etc. 1924-2007
300 ## - DESCRIPCIÓN FÍSICA
Extensión 1,3 m de documentació textual, paper. 1 unitat d'instal·lació que conté 693 imatges, 16 diplomes, 3 plaques commemoratives, 21 dibuixos i 20 microcassets i 2 carteres de pell
506 ## - NOTA DE RESTRICCIONES AL ACCESO
Condiciones para el acceso físico (R ) Accés lliure, amb excepció de la documentació que conté dades protegides per la legislació vigent
524 ## - NOTA DE FORMA USUAL DE CITA
Nota de forma usual de cita de los mateiales descritos ( NR) Sant Cugat del Vallés, Arxiu Nacional de Catalunya, Fons Joaquim Perramon i Palmada
600 #0 - PUNTO DE ACCESO ADICIONAL DE MATERIA - NOMBRE DE PERSONA
Nombre de persona Perramon i Palmada, Joaquim
Subdivisión de materia general (R ) Arxius
9 (RLIN) 4643
600 #0 - PUNTO DE ACCESO ADICIONAL DE MATERIA - NOMBRE DE PERSONA
Nombre de persona Perramon i Palmada, Joaquim
Subdivisión de materia general (R ) Biografia
9 (RLIN) 4643
650 #7 - PUNTO DE ACCESO ADICIONAL DE MATERIA - TÉRMINO DE MATERIA
Término de materia o nombre geográfico como elemento inicial Periodistes
Subdivisión geográfica Catalunya
Subdivisión de materia general Arxius
Fuente del encabezamiento o término lemac
9 (RLIN) 2400
655 #7 - TÉRMINO DE INDIZACIÓN - GÉNERO/FORMA
Datos o término principal de género/forma Manuscrits
Fuente del término lemac
856 ## - LOCALIZACIÓN Y ACCESO ELECTRÓNICO
Identificador Uniforme del Recurso (URI) <a href="https://arxiusenlinia.cultura.gencat.cat/#/cercaavancada/detallfons/ANC1-1167">https://arxiusenlinia.cultura.gencat.cat/#/cercaavancada/detallfons/ANC1-1167</a>
Nota pública Descripció del fons a l'Arxiu Nacional de Catalunya (ANC1-1167)
942 ## - ENTRADA DE ELEMENTOS AGREGADOS (KOHA)
Koha [por defecto] tipo de item Referència i consulta general
Fuente de clasificaión o esquema

No hi ha exemplars disponibles.

Implantat amb Koha